000 00503nam a22001931a 4500
001 3131
003 OSt
005 20260204211838.0
008 040621s1992||||dr ||||||b||||||||||spa||
050 _aRD 370.7293 G164c
082 _aRD 370.7293 G164=5c
100 _aGarcía, Dignora
245 _aCalidad de la educación / Dignora, García
264 _aSanto Domingo : SEEC
300 _a44 p.
650 _a1.Educación - República Dominicana
700 _aRocío HernándezÌ
942 _2ddc
_cBK
999 _c3131
_d3131